Nová etapa ve výzkumu dějin českých Němců
| Titel: | Nová etapa ve výzkumu dějin českých Němců |
|---|---|
| Verfasser: | |
| In: |
Fontes Nissae, Band 2 (2001), Seite 229-231 alle Artikel anzeigen |
| Veröffentlicht: | 2001 |
| Format: | Aufsatz |
| Sprache: | Tschechisch |
X
alg: 39517081 001A $01999:12-11-16 001B $01999:09-08-21 $t17:41:54.000 001D $01999:12-11-16 001U $0utf8 001X $00 002@ $0Aox 003@ $0395170818 007A $0395170818 $aHEB 007T $0Herdp26628 010@ $acze 011@ $a2001 021A $aNová etapa ve výzkumu dějin českých Němců 028A $aVelek $dLuboš 031A $d2 $h229-231 $j2001 039B $aIn $8--Abvc--. Fontes Nissae. - Liberec, 2000-. - ISSN 1213-5097 $x200100000020000771 $910697646X 039T $8--Aax--. Němci v českych zemích. - Ustí nad Labem : Společnost pro Dějiny Němců v Čechách, 2001. - 178 s., obr.. - ISBN 80-86475-00-X $9395353041 045F $a900.94371 $eDDC23BSB 045F/01 $a900 045F/03 $g4371 045T $a7,41 lok: 39517081 78 exp: 39517081 78 1 #EPN 201B/01 $026-11-17 $t04:03:54.000 201U/01 $0utf8 203@/01 $0791477185 208@/01 $a12-11-16 $be 209A/01 $a/ $f000 $x00 220C/01 $aTitelaufnehmer: rb 220C/01 $aHerkunft: Hú Av Čr Praha 244Z/01 $#Tschechien $#Tschechische Republik $#Tschechische Republik $#Tschechenland $#Tschechei Tschechien $#Česká Republika $#Czech Republic $#ČR $74303381-7 $8--Tg1--Tschechien $x01 $9086659812 244Z/01 $2Trx $#Böhmen $#Bohemia $#Czechy $8--Trx--Čechy $x02 $9391188941 244Z/01 $2Trx $#arvustused $#recenzijos $#Reviews $#recenziók $#recenzje $#recenzie $#recenze $8--Trx--Rezensionen $x03 $9391357441 247C/01 $82080>Marburg/Lahn, Herder-Institut, Forschungsbibliothek, Bibliographieportal $9336309341
| LEADER | 00000caa a22000002c 4500 | ||
|---|---|---|---|
| 001 | 395170818 | ||
| 003 | DE-603 | ||
| 005 | 20210809174154.0 | ||
| 007 | tu | ||
| 008 | 161112s2001 xx |||| | u00||u|cze c | ||
| 035 | |a (DE-599)HEB395170818 | ||
| 040 | |a DE-603 |b ger |c DE-603 |d DE-603 | ||
| 041 | |a cze | ||
| 082 | 0 | 4 | |8 1\u |a 900.94371 |q DE-101 |2 23/BSB |
| 084 | |a 7,41 |2 ssgn | ||
| 085 | |8 1\u |b 900 | ||
| 085 | |8 1\u |z 2 |s 4371 | ||
| 100 | 1 | |a Velek, Luboš | |
| 245 | 0 | 0 | |a Nová etapa ve výzkumu dějin českých Němců |
| 264 | 0 | |c 2001 | |
| 773 | 0 | 8 | |i In |t Fontes Nissae |d Liberec, 2000- |x 1213-5097 |g Band 2 (2001), Seite 229-231 |w (DE-603)10697646X |w (DE-600)2087527-7 |
| 787 | 0 | 8 | |i Rezension von |t Němci v českych zemích |d Ustí nad Labem : Společnost pro Dějiny Němců v Čechách, 2001 |h 178 s., obr. |z 808647500X |w (DE-603)395353041 |
| 924 | 0 | |9 2080 |a (DE-603)791477185 |b DE-2080 |c HES |d d |g / | |


